ბათუმის შოთა რუსთაველის სახელმწიფო უნივერსიტეტის ბიბლიოთეკა

საქართველოს სპოროვან მცენარეთა სარკვევი II (ბიბ.ჩანაწერი № 44536)

000 -LEADER
fixed length control field 00931nam a2200205Ia 4500
001 - CONTROL NUMBER
control field 11339
003 - CONTROL NUMBER IDENTIFIER
control field GE_BSU
008 - FIXED-LENGTH DATA ELEMENTS--GENERAL INFORMATION
fixed length control field 181216s||||||||xx |||||||||||||| ||und||
040 ## - CATALOGING SOURCE
Transcribing agency GE_BSU
080 ## - UNIVERSAL DECIMAL CLASSIFICATION NUMBER
Universal Decimal Classification number 582.23/29(479.22)
245 ## - TITLE STATEMENT
Title საქართველოს სპოროვან მცენარეთა სარკვევი II
245 ## - TITLE STATEMENT
Statement of responsibility, etc. შემდგ. ი. მურვანიშვილი მთ.რედ: ნ. კეცხოველი, პ/მგ რედ: ი. ნახუცრიშვილი, მხატვ: ი. სიხარულიძე
260 ## - PUBLICATION, DISTRIBUTION, ETC.
Place of publication, distribution, etc. თბილისი
260 ## - PUBLICATION, DISTRIBUTION, ETC.
Name of publisher, distributor, etc. მეცნიერება
260 ## - PUBLICATION, DISTRIBUTION, ETC.
Date of publication, distribution, etc. 1983
300 ## - PHYSICAL DESCRIPTION
Extent 290გვ.22სმ.
300 ## - PHYSICAL DESCRIPTION
Accompanying material საძიებელი გვ.243–290
653 ## - INDEX TERM--UNCONTROLLED
Uncontrolled term საქართველოს სპოროვან მცენარეთა სარკვევი II
942 ## - ADDED ENTRY ELEMENTS (KOHA)
Koha item type წიგნი
ეგზემპლარები
Withdrawn status Lost status Damaged status Not for loan Date acquired Barcode Date last seen Price effective from Koha item type
        2018-12-17 19694 2018-12-17 2018-12-17 წიგნი